000 00417nam a22001457a 4500
999 _c12499
_d12499
008 210204b ||||| |||| 00| 0 eng d
082 0 0 _a623.8171
_bI245
110 _9808
_aIGMCO
245 1 0 _aRecommendation on intact stability for passenger and cargo ships under 100 metres in length
_cby IGMCO
260 _aLondon
_bIGMCO
_c1969
300 _a18p.
365 _d10.00
650 0 _aStability of ships
942 _cBK